000 00902nam a2200289 i 4500
003 DO-SdBNP
005 20260204071928.0
007 ta
008 260204s1994 dr a c 000 0 spa d
040 _aDO-SdBNP
_bspa
_cBNPHU
_erda
041 _aspa
082 _a372.357
_bR426m
_222
100 _929274
110 _aRepública Dominicana.
_bSecretaría de Estado de Educación, Bellas Artes y Cultos
245 1 0 _aMatemática y ciencias naturales :
_blibro del alumno, 7mo. grado
264 1 _aSanto Domingo :
_bSecretaria de Estado de Educación Bellas Artes y Cultos,
_bPUCMM,
_c1994.
300 _a73 libros
_bilustraciones
_c27 cm.
336 _2rdacontent
_atexto
_btxt
337 _2rdamedia
_asin mediación
_bn
338 _2rdacarrier
_avolumen
_bnc
590 _aInventariado, 2026/DG
700 _929275
700 _925917
700 _984066
910 _aDG
942 _2ddc
_cLBS1
999 _c60202
_d60202